NTA Special Recognition Award - Statistics

General Stats
  • This quiz has been taken 22 times
  • The average score is 14 of 21
Answer Stats
Year Known for Answer % Correct
2002 Saturday Night Takeaway Ant & Dec
94%
2015 Doctor Who David Tennant
88%
2007 Top Gear Jeremy Clarkson
88%
2008 Pop Idol Simon Cowell
88%
2010 QI Stephen Fry
88%
2005 The Naked Chef Jamie Oliver
81%
2003 News at Ten Sir Trevor McDonald
81%
1996 Only Fools and Horses David Jason
75%
2006 Planet Earth Sir David Attenborough
75%
2011 The Generation Game Bruce Forsyth
69%
2000 Who Wants to Be a Millionaire Chris Tarrant
69%
2017 How Do You Solve A Problem Like Maria? Graham Norton
69%
2013 Absolutely Fabulous Joanna Lumley
69%
2012 Friday Night with... Jonathan Ross
63%
1999 Strike It Rich! Michael Barrymore
56%
2016 Mrs Brown Billy Connolly
38%
2004 Men Behaving Badly Caroline Quentin
38%
2001 Take Your Pick! Des O’Connor
38%
1998 Inspector Morse John Thaw
38%
1997 Wire in the Blood Robson Green
38%
1995 Coronation Street Julie Goodyear
25%
No matching quizzes found
Score Distribution
Percent of People with Each Score
Percentile by Number Answered
Your Score History
You have not taken this quiz